000 00301 a2200145 4500
001 177152
020 _a
040 _cMagnum
100 _a-
240 1 0 _aPinacoteca caras: tintoretto
_lpor
245 1 0 _aPinacoteca caras: tintoretto
362 0 _a1899
697 _aMAGNITO: ARTES
942 _cBK
999 _c177152
_d177152